Momentum-faktor zisku

Teória efektívnych trhov. Nerovnomerné širenie informácií. Momentum ako zotrvačnosť výnosov finančných aktív. Tvorba portfólií na základe výnosov z predchádzajúcich období. Skúmanie rôznych vlastností fenoménu "momentum".

Enregistré dans:
Détails bibliographiques
Auteur principal: Ravinger, Vladimír
Format: Chapitre de livre
Langue:slovaque
Sujets:
Tags: Ajouter un tag
Pas de tags, Soyez le premier à ajouter un tag!

MARC

LEADER 00000naa$a2200000$$$4500
001 0054828
005 20231019084817.8
041 0 |a slo 
044 |a SK 
245 1 0 |a Momentum-faktor zisku  |c Vladimír Ravinger 
520 |a Teória efektívnych trhov. Nerovnomerné širenie informácií. Momentum ako zotrvačnosť výnosov finančných aktív. Tvorba portfólií na základe výnosov z predchádzajúcich období. Skúmanie rôznych vlastností fenoménu "momentum". 
610 2 0 |a investori 
610 2 0 |a investovanie 
610 2 0 |a trh finančný 
610 2 0 |a výnosy 
610 2 0 |a náklady 
610 2 0 |a modely 
610 2 0 |a stratégia investičná 
100 1 |a Ravinger, Vladimír